000 00735nam a22002297a 4500
003 UA-OsUOA
001 86007
007 ta
008 20120727b un ||||| |||| 00| 0 ukr d
090 _a82.09(477)
_bВ73
942 _cBK
040 _aUA-OsUOA
_bukr
_cUA-OsUOA
_dUA-OsUOA
245 _aВона як хліб: на пошану творчості Ліни Костенко
_bпублікації 2005 - 2011
_cупоряд.: Голота Л., Букет Є.
300 _a160 с.
955 _a3
041 _aukr
080 _a82.09(477)
020 _a978-966-2669-04-6
260 _aК.
_bУкр. пріоритет
_c2011
650 7 _a82 Література. Літературознавство
_2UDC
999 _c372313
_d372313